000 01799cam a2200229 a 4500
999 _c4377
_d4377
020 _a1555421563 (alk. paper)
050 0 0 _aRJ499
_b.G53
100 1 _aGibbs, Jewelle Taylor.
245 1 0 _aChildren of color :
_bpsychological interventions with minority youth /
_cJewelle Taylor Gibbs, Larke Nahme Huang, and associates ; forewords by George Miller and Stanley Sue.
250 _a1st ed.
260 _aSan Francisco :
_bJossey-Bass Publishers,
_c1989.
300 _axxviii, 423 p. :
_bill. ;
_c24 cm.
440 4 _aThe Jossey-Bass social and behavioral science series
500 _aIncludes bibliographies and index
505 _aA conceptual framework for assessing and treating minority youth / Jewell Taylor Gibbs, Larke Nahme Huang -- Chinese American children and adolescents / Larke Nahme Huang, Yu-Wen Ying -- Japanese American children and adolescents / Donna K. Nagata -- American Indian children and adolescents / Teresa D. LaFromboise, Kathryn Graff Low -- Black American children /LaRue Allen, Shayda Majidi-Ahi -- Black American adolescents / Jewelle Taylor Gibbs -- Mexican American children and adolescents / Oscar Ramirez -- Puerto Rican adolescents / Jaime E. Inclan, D. Gloria Herron -- Southeast Asian refugee children and adolescents / Larke Nahme Huang -- Biracial adolescents / Jewelle Taylor Gibbs -- Multicultural perspectives on two clinical cases / Larke Nahme Huang, Jewelle Taylor Gibbs -- Future directions: implications for research, training, and practice / Larke Nahme Huang, Jewelle Taylor Gibbs.
650 0 _aChildren of minorities
_xMental health
650 2 _aEthnic Groups
_xpsychology
650 2 _aMental Health Services
_xin adolescence
650 2 _aMental Health Services
_xin infancy & childhood
700 1 _aHuang, Larke.
942 _cBK